000 01118nam a2200301 a 4500
001 000112296
003 CHAP
005 20220329144255.0
008 160229s2016 mx a fsm |||||||spa d
010 _a108757
011 _a109729
040 _cCHAP
090 _aTesis
100 0 0 _aVargas del Angel, Miguel Angel
_9117999
245 1 0 _aPerspectivas para la red de valor mexicana de carne bovina, a partir del análisis de los modelos de negocio globales/
_h[En línea]
_cpor Miguel Angel Vargas del Angel.
260 _aChapingo, Méx. :
_bEl autor,
_c2016.
500 _aPara ver el contenido del material haga clic en la liga
502 _aTesis (Ph. D. en Problemas Económico Agroindustriales) -- UACH. CIESTAAM
590 _aE6096MTM
_b05
_c20160229
_lUCH01
_h1453
590 _aE6096MTM
_b05
_c20160229
_lUCH01
_h1455
650 1 4 _aCarne de res
_xExportación.
_919202
650 1 4 _aCarne de res
_xMercadeo
_xMéxico.
_919213
650 1 4 _aComercio internacional.
_925641
856 _aFinding aid
_uhttp://10.13.5.2/tesis/sist112296.pdf
_zTeclea aquí
901 _aBK
942 _cTESIS
942 _n0
999 _c108757
_d108757